| 000 | 01049cam a2200277 a 4500 | ||
|---|---|---|---|
| 999 |
_c41529 _d41529 |
||
| 001 | 15803391 | ||
| 003 | OSt | ||
| 005 | 20220919142042.0 | ||
| 008 | 090706s2009 caua b 001 0 eng | ||
| 010 | _a 2009027295 | ||
| 020 | _a9788132100782 (paper back) | ||
| 020 | _a8132100786 (paper back) | ||
| 035 | _a(OCoLC)ocn326620529 | ||
| 040 |
_aDLC _cDLC _dBTCTA _dYDXCP _dC#P _dBWX _dDLC |
||
| 050 | 0 | 0 |
_aBF39 _b.C487 2009 |
| 082 | 0 | 0 |
_a150.15195 _222 _bCHA/A |
| 100 | 1 |
_aChadha, N. K. _98692 |
|
| 245 | 1 | 0 |
_aApplied psychometry / _cNarender Kumar Chadha. |
| 260 |
_aLondon ; _aThousand Oaks, CA : _bSAGE, _c2009. |
||
| 300 |
_axiii, 362 p. : _bill. ; _c25 cm. |
||
| 504 | _aIncludes bibliographical references (p. 354-358) and index. | ||
| 650 | 0 | _aPsychometrics. | |
| 906 |
_a7 _bcbc _corignew _d1 _eecip _f20 _gy-gencatlg |
||
| 942 |
_2ddc _cBK _h150.15195 _iCHA/A _k150.15195 _mCHA/A |
||